Fundamentals of microeconomics (Record no. 368336)
[ view plain ]
| 000 -LEADER | |
|---|---|
| fixed length control field | 003440000a22001570004500 |
| 050 ## - LIBRARY OF CONGRESS CALL NUMBER | |
| Classification number | 010 |
| 060 ## - NATIONAL LIBRARY OF MEDICINE CALL NUMBER | |
| Classification number | 100 |
| 082 ## - DEWEY DECIMAL CLASSIFICATION NUMBER | |
| Classification number | 338.5 SNY |
| 100 ## - MAIN ENTRY--PERSONAL NAME | |
| Personal name | Nicholson, Walter |
| 100 ## - MAIN ENTRY--PERSONAL NAME | |
| Personal name | Snyder, Christopher |
| 245 ## - TITLE STATEMENT | |
| Title | Fundamentals of microeconomics |
| 260 ## - PUBLICATION, DISTRIBUTION, ETC. (IMPRINT) | |
| Place of publication, distribution, etc. | New Delhi, Cengage learning |
| 260 ## - PUBLICATION, DISTRIBUTION, ETC. (IMPRINT) | |
| Date of publication, distribution, etc. | 2008 |
| 300 ## - PHYSICAL DESCRIPTION | |
| Extent | 683 |
| 942 ## - ADDED ENTRY ELEMENTS (KOHA) | |
| Koha item type | Books (General) |
| Withdrawn status | Lost status | Damaged status | Not for loan | Collection code | Home library | Current library | Shelving location | Date acquired | Total Checkouts | Full call number | Barcode | Date last seen | Date checked out | Price effective from | Koha item type |
|---|---|---|---|---|---|---|---|---|---|---|---|---|---|---|---|
| Malayalam | College of Agriculture, Vellayani | College of Agriculture, Vellayani | 02/05/2014 | 1 | 338.5 SNY | KAU_COAV-27747 | 19/12/2017 | 13/11/2017 | 12/05/2022 | Books (General) |
